[Event "4NCL Division 3 Central"]
[Site "Leamington Spa, ENG"]
[Date "2022.02.13"]
[Round "4.52"]
[White "Hurney, Kevin"]
[Black "Murawski, Jan"]
[Result "1/2-1/2"]
[WhiteElo "1945"]
[BlackElo "1873"]
[PlyCount "100"]
[EventDate "2022.02.13"]
[WhiteTeam "Shropshire and Friends 1"]
[BlackTeam "Oxford 3"]

1. e4 e5 2. Nf3 Nc6 3. Bb5 a6 4. Ba4 Nf6 5. d3 b5 6. Bb3 Be7 7. O-O Bb7 8. Re1
O-O 9. Nc3 Re8 10. a4 Bb4 11. Bd2 Na5 12. Ba2 c5 13. axb5 axb5 14. Nxb5 Bxd2
15. Qxd2 Qb6 16. Na3 d5 17. exd5 Nxd5 18. Nxe5 Qf6 19. Ng4 Rxe1+ 20. Rxe1 Qc6
21. f3 h5 22. Ne5 Qf6 23. Bxd5 Bxd5 24. Nb5 Re8 25. Nd7 Rxe1+ 26. Qxe1 Qxb2 27.
Qe8+ Kh7 28. Nf8+ Kh6 29. Qe3+ g5 30. c4 Qb1+ 31. Kf2 Qc2+ 32. Qe2 Qxe2+ 33.
Kxe2 Nxc4 34. Nc3 Nb6 35. Nxd5 Nxd5 36. Nd7 Nf4+ 37. Kd2 Nxg2 38. Nxc5 g4 39.
d4 gxf3 40. d5 f2 41. Ke2 Nf4+ 42. Kxf2 Nxd5 43. h4 Nf4 44. Kg3 Ng6 45. Ne4 f5
46. Nf6 f4+ 47. Kf3 Nxh4+ 48. Kxf4 Ng6+ 49. Kg3 h4+ 50. Kg4 h3 1/2-1/2

[Event "4NCL Division 3 Central"]
[Site "Leamington Spa, ENG"]
[Date "2022.02.13"]
[Round "4.53"]
[White "Cole, Graham"]
[Black "Stuttard, David"]
[Result "0-1"]
[WhiteElo "1799"]
[BlackElo "1831"]
[PlyCount "44"]
[EventDate "2022.02.13"]
[WhiteTeam "Oxford 3"]
[BlackTeam "Shropshire and Friends 1"]

1. e4 e5 2. Nf3 Nf6 3. Bc4 d5 4. exd5 e4 5. Nd4 c5 6. Bb5+ Nbd7 7. Nb3 Bd6 8.
d4 exd3 9. Qxd3 O-O 10. Be3 Re8 11. Nc3 Ne5 12. Qd2 Bd7 13. Bxd7 Qxd7 14. O-O-O
Nc4 15. Qe2 b5 16. Qf3 b4 17. Ne2 Rxe3 18. fxe3 Re8 19. Nd2 Nxe3 20. Kb1 Qb5
21. c4 bxc3 22. Nxc3 Qd3+ 0-1

[Event "4NCL Division 3 Central"]
[Site "Leamington Spa, ENG"]
[Date "2022.02.13"]
[Round "4.54"]
[White "Bryant, Richard B E"]
[Black "Staples, Neil"]
[Result "1/2-1/2"]
[WhiteElo "1827"]
[BlackElo "1823"]
[PlyCount "170"]
[EventDate "2022.02.13"]
[WhiteTeam "Shropshire and Friends 1"]
[BlackTeam "Oxford 3"]

1. e4 g6 2. d4 Bg7 3. c3 e6 4. Bd3 Ne7 5. Bg5 h6 6. Be3 b6 7. f3 Bb7 8. Qd2 d6
9. Ne2 Nd7 10. Bb5 a6 11. Ba4 b5 12. Bc2 Nb6 13. b3 Nd7 14. O-O Nf6 15. Na3 Rc8
16. Rad1 d5 17. e5 Nd7 18. Bf2 Ng8 19. g4 Qe7 20. Nb1 c5 21. f4 cxd4 22. cxd4
h5 23. g5 Qd8 24. Bd3 Ne7 25. Qb2 O-O 26. Nd2 Qb6 27. Nf3 Rfe8 28. Nh4 Nf5 29.
Nxf5 exf5 30. Ng3 Nf8 31. Be3 Ne6 32. Rf3 Bf8 33. Ne2 Qa5 34. Rh3 Ba3 35. Qa1
Ng7 36. Ng3 Re6 37. Be2 Bb4 38. Bf3 Rc3 39. Nf1 Rc8 40. Bf2 Qb6 41. Ne3 Qd8 42.
Nc2 Be7 43. a3 Rec6 44. Nb4 Bxb4 45. axb4 Rc2 46. Rf1 Qe7 47. Be1 Qe6 48. Bd1
R2c7 49. Qb2 Qb6 50. Rd3 Qe6 51. Bd2 Bc6 52. Rc3 Bb7 53. Rc5 Qb6 54. Bf3 Ne6
55. Rxc7 Rxc7 56. Be3 Qc6 57. Rc1 Qb6 58. Rxc7 Qxc7 59. Kg2 Kf8 60. Kh3 Ke7 61.
Kh4 Ng7 62. Bd2 Ke6 63. Kg3 Kd7 64. Qb1 Qb6 65. Qd3 Ke6 66. Qc3 Qc6 67. Qc5
Qxc5 68. bxc5 Kd7 69. Kf2 Kc6 70. Ke3 Bc8 71. Kd3 Ne6 72. Kc3 a5 73. Kd3 b4 74.
Ke3 Ba6 75. Bd1 Bf1 76. Kf2 Bd3 77. Be3 Kb5 78. Kg3 Kc6 79. Kh4 Ng7 80. Kg3 Ne6
81. Kf2 Kb5 82. Ke1 Kc6 83. Kd2 Bb5 84. Bf3 Bf1 85. Ke1 Bb5 1/2-1/2

[Event "4NCL Division 3 Central"]
[Site "Leamington Spa, ENG"]
[Date "2022.02.13"]
[Round "4.55"]
[White "Phan, Stefanus K F"]
[Black "Lewis, Christopher D"]
[Result "1-0"]
[WhiteElo "1758"]
[BlackElo "1834"]
[PlyCount "63"]
[EventDate "2022.02.13"]
[WhiteTeam "Oxford 3"]
[BlackTeam "Shropshire and Friends 1"]

1. c4 e5 2. g3 f5 3. Nc3 Nf6 4. Nf3 Nc6 5. d4 exd4 6. Nxd4 Nxd4 7. Qxd4 Bb4 8.
a3 Bxc3+ 9. Qxc3 O-O 10. Bg2 Qe8 11. Be3 d6 12. O-O a5 13. Rad1 Ne4 14. Qc2 b6
15. Bd4 Bb7 16. b3 Qf7 17. Rde1 Rae8 18. Bb2 Ba8 19. b4 axb4 20. axb4 Qh5 21.
Ra1 Re6 22. Ra7 Rh6 23. h4 g5 24. Bxe4 Bxe4 25. Qc3 Rff6 26. f3 Bc6 27. Rxc7
Be8 28. Qxf6 Rxf6 29. Bxf6 gxh4 30. Bxh4 f4 31. Ra1 Qe5 32. Ra8 1-0

[Event "4NCL Division 3 Central"]
[Site "Leamington Spa, ENG"]
[Date "2022.02.13"]
[Round "4.56"]
[White "Pugh, Glyn D"]
[Black "Davis, Cameron"]
[Result "1/2-1/2"]
[WhiteElo "1795"]
[BlackElo "1722"]
[PlyCount "50"]
[EventDate "2022.02.13"]
[WhiteTeam "Shropshire and Friends 1"]
[BlackTeam "Oxford 3"]

1. d4 d5 2. c4 c6 3. Nf3 Nf6 4. Nc3 e6 5. g3 dxc4 6. Bg2 Nbd7 7. a4 Bb4 8. O-O
O-O 9. Qc2 a5 10. Rd1 Qe7 11. Ne5 Nxe5 12. dxe5 Ng4 13. Bf4 g5 14. Bf3 Nxf2 15.
Kxf2 gxf4 16. gxf4 Qh4+ 17. Kg2 Qxf4 18. Qe4 Qxe4 19. Nxe4 Be7 20. Kh1 f6 21.
Rg1+ Kh8 22. exf6 Bxf6 23. Nxf6 Rxf6 24. Rad1 Rf8 25. Rg5 e5 1/2-1/2

[Event "4NCL Division 3 Central"]
[Site "Leamington Spa, ENG"]
[Date "2022.02.13"]
[Round "4.61"]
[White "Neatherway, A Philip"]
[Black "Flynn, David"]
[Result "1/2-1/2"]
[WhiteElo "1779"]
[BlackElo "1851"]
[PlyCount "72"]
[EventDate "2022.02.13"]
[WhiteTeam "Oxford 4"]
[BlackTeam "Ashfield 2"]

1. e4 c5 2. Nf3 Nc6 3. d4 cxd4 4. Nxd4 g6 5. Nc3 Bg7 6. Be3 Nf6 7. Bc4 O-O 8.
Bb3 Re8 9. O-O d6 10. f3 Na5 11. Qd2 Nxb3 12. axb3 a6 13. Rfd1 Nd7 14. Qf2 Nf8
15. Ndb5 Ne6 16. Bb6 Qd7 17. Ra4 Rb8 18. Na7 Nd8 19. Nxc8 Rxc8 20. Bd4 Nc6 21.
Bxg7 Kxg7 22. Nd5 Rb8 23. h3 Red8 24. c4 Qe6 25. Raa1 Ne5 26. Qd4 f6 27. Rd2
Kf8 28. Qe3 Nf7 29. f4 Qc8 30. Qc3 Qc6 31. b4 Rbc8 32. b3 Ra8 33. Qe3 Rac8 34.
Nb6 Rc7 35. Rad1 Re8 36. Nd5 Rcc8 1/2-1/2

[Event "4NCL Division 3 Central"]
[Site "Leamington Spa, ENG"]
[Date "2022.02.13"]
[Round "4.63"]
[White "Hibbitt, Arthur"]
[Black "Hill, Maurice J"]
[Result "1-0"]
[WhiteElo "1731"]
[BlackElo "1717"]
[PlyCount "81"]
[EventDate "2022.02.13"]
[WhiteTeam "Oxford 4"]
[BlackTeam "Ashfield 2"]

1. d3 g6 2. f4 d5 3. Nf3 Bg7 4. c3 Nf6 5. g3 b6 6. Bg2 Bb7 7. O-O O-O 8. Na3 e6
9. Qe1 c5 10. e4 dxe4 11. Ng5 Qxd3 12. Rf2 Qd7 13. Rd2 Qe7 14. Nxe4 Nxe4 15.
Bxe4 Bxe4 16. Qxe4 Nd7 17. Nb5 Nf6 18. Qe2 Rfd8 19. Rxd8+ Rxd8 20. Be3 Qd7 21.
c4 a6 22. Nc3 Qd3 23. Rd1 Qf5 24. Rxd8+ Bf8 25. Bf2 Kg7 26. a4 Be7 27. Rb8 Nd7
28. Rb7 e5 29. fxe5 Qe6 30. Nd5 Bd8 31. Nf4 Qc6 32. Ra7 Bc7 33. Rxc7 Qxc7 34.
e6 Nf6 35. e7 Qc6 36. Nd5 Ne8 37. Be1 f6 38. Bc3 Kf7 39. Nxf6 Nxf6 40. Bxf6 Ke8
41. Qe5 1-0

[Event "4NCL Division 3 Central"]
[Site "Leamington Spa, ENG"]
[Date "2022.02.13"]
[Round "4.64"]
[White "Graham, Neil"]
[Black "Tringali, Alessandro"]
[Result "1-0"]
[WhiteElo "1751"]
[BlackElo "1635"]
[PlyCount "37"]
[EventDate "2022.02.13"]
[WhiteTeam "Ashfield 2"]
[BlackTeam "Oxford 4"]

1. d4 Nf6 2. f3 d5 3. e4 dxe4 4. Nc3 exf3 5. Nxf3 g6 6. Bc4 Bg4 7. Bxf7+ Kxf7
8. Ne5+ Kg7 9. Nxg4 h5 10. Ne5 Nbd7 11. Bf4 Nxe5 12. Bxe5 Kh7 13. Qf3 c6 14.
Ne4 Bg7 15. Ng5+ Kg8 16. Qd3 Qe8 17. O-O Nh7 18. Qb3+ e6 19. Nxe6 1-0

[Event "4NCL Division 3 Central"]
[Site "Leamington Spa, ENG"]
[Date "2022.02.13"]
[Round "4.65"]
[White "Beckett, Richard"]
[Black "Wright, Nigel"]
[Result "1-0"]
[WhiteElo "1635"]
[BlackElo "1698"]
[PlyCount "39"]
[EventDate "2022.02.13"]
[WhiteTeam "Oxford 4"]
[BlackTeam "Ashfield 2"]

1. e4 d6 2. d4 c6 3. Nf3 Nf6 4. Nc3 Qa5 5. Bd2 Qc7 6. h3 g6 7. e5 dxe5 8. dxe5
Nd5 9. Bc4 e6 10. Ne4 Nd7 11. Bg5 Nxe5 12. Bxd5 Nxf3+ 13. Qxf3 Qa5+ 14. Bd2 Qb5
15. Bb3 Be7 16. Nf6+ Bxf6 17. Qxf6 Rg8 18. Bg5 Qa5+ 19. c3 Qc7 20. O-O-O 1-0

[Event "4NCL Division 3 Central"]
[Site "Leamington Spa, ENG"]
[Date "2022.02.13"]
[Round "4.66"]
[White "Brown, Stephanie"]
[Black "Matilal, Tamal"]
[Result "0-1"]
[WhiteElo "1436"]
[BlackElo "1374"]
[PlyCount "52"]
[EventDate "2022.02.13"]
[WhiteTeam "Ashfield 2"]
[BlackTeam "Oxford 4"]

1. d4 c5 2. Nf3 cxd4 3. Nxd4 e5 4. Nb3 Nc6 5. e4 Nf6 6. Nc3 Bb4 7. Bd3 O-O 8.
Bd2 Bxc3 9. Bxc3 d5 10. f3 dxe4 11. fxe4 Ng4 12. Qf3 Qh4+ 13. g3 Qh6 14. Bd2
Qd6 15. O-O-O a5 16. a4 Be6 17. c4 Rac8 18. h3 Nf6 19. Qe2 Nb4 20. Kb1 Nxd3 21.
Nxa5 Qd4 22. Bc3 Qxe4 23. Qxe4 Nxe4 24. Rxd3 Nf2 25. Rhd1 g6 26. Kc2 Nxd3 0-1

[Event "4NCL Division 3 Central"]
[Site "Leamington Spa, ENG"]
[Date "2022.02.13"]
[Round "4.71"]
[White "Ajimal, Jet"]
[Black "Holmes, Thalia"]
[Result "1/2-1/2"]
[WhiteElo "1618"]
[BlackElo "1651"]
[PlyCount "37"]
[EventDate "2022.02.13"]
[WhiteTeam "Deaf England"]
[BlackTeam "Shropshire and Friends 2"]

1. e4 e6 2. d4 d5 3. Nd2 Nf6 4. e5 Nfd7 5. Bd3 c5 6. c3 Nc6 7. Ne2 Qb6 8. Nf3
cxd4 9. cxd4 f6 10. exf6 Nxf6 11. a3 Bd6 12. O-O Qc7 13. h3 e5 14. dxe5 Nxe5
15. Nxe5 Bxe5 16. Bf4 Bxf4 17. Qa4+ Bd7 18. Qxf4 Qxf4 19. Nxf4 1/2-1/2

[Event "4NCL Division 3 Central"]
[Site "Leamington Spa, ENG"]
[Date "2022.02.13"]
[Round "4.72"]
[White "Slegg, Gary"]
[Black "Woolfe, Howard S"]
[Result "1-0"]
[WhiteElo "1528"]
[BlackElo "1300"]
[PlyCount "37"]
[EventDate "2022.02.13"]
[WhiteTeam "Shropshire and Friends 2"]
[BlackTeam "Deaf England"]

1. e4 e5 2. Nc3 Nf6 3. f4 Nc6 4. Nf3 exf4 5. e5 Ng4 6. d4 d6 7. h3 Ne3 8. Bxe3
fxe3 9. Qe2 d5 10. Qxe3 h6 11. Bb5 Be7 12. O-O O-O 13. Ne2 Be6 14. c3 a6 15.
Bd3 Qd7 16. Nf4 Nd8 17. Bc2 g6 18. Nxe6 Qxe6 19. Qxh6 1-0

[Event "4NCL Division 3 Central"]
[Site "Leamington Spa, ENG"]
[Date "2022.02.13"]
[Round "4.73"]
[White "Simmons, Michael W"]
[Black "Sloan, Cecil"]
[Result "0-1"]
[WhiteElo "1201"]
[BlackElo "1480"]
[PlyCount "106"]
[EventDate "2022.02.13"]
[WhiteTeam "Deaf England"]
[BlackTeam "Shropshire and Friends 2"]

1. d4 Nf6 2. c4 Nc6 3. Nf3 e5 4. e3 Bb4+ 5. Bd2 Qe7 6. a3 Bxd2+ 7. Nbxd2 exd4
8. Qe2 dxe3 9. Qxe3 Qxe3+ 10. fxe3 O-O 11. Be2 Re8 12. Nf1 d6 13. h3 b6 14.
O-O-O Bb7 15. N3d2 Ne5 16. Rg1 d5 17. g4 dxc4 18. Nxc4 Nxc4 19. Bxc4 Rad8 20.
Rxd8 Rxd8 21. Nd2 Bd5 22. Bxd5 Nxd5 23. e4 Nf4 24. Rh1 Ne2+ 25. Kd1 Nd4 26. Kc1
f6 27. Rd1 Kf7 28. Kb1 Nb3 29. Kc2 Rxd2+ 30. Rxd2 Nxd2 31. Kxd2 Ke6 32. Ke3 Ke5
33. h4 a5 34. a4 c6 35. b3 b5 36. g5 fxg5 37. hxg5 h6 38. Kd3 bxa4 39. bxa4
hxg5 40. Ke3 g4 41. Kf2 g3+ 42. Kxg3 Kxe4 43. Kf2 g5 44. Kg3 c5 45. Kf2 g4 46.
Kg3 c4 47. Kxg4 c3 48. Kg3 c2 49. Kg2 c1=Q 50. Kf2 Qe3+ 51. Kf1 Qd2 52. Kg1 Kf3
53. Kh1 Qg2# 0-1

[Event "4NCL Division 3 Central"]
[Site "Leamington Spa, ENG"]
[Date "2022.02.13"]
[Round "4.74"]
[White "Khemoudj, Omar"]
[Black "Paull, James"]
[Result "1-0"]
[WhiteElo "1481"]
[BlackElo "1185"]
[PlyCount "113"]
[EventDate "2022.02.13"]
[WhiteTeam "Shropshire and Friends 2"]
[BlackTeam "Deaf England"]

1. e4 e5 2. Nf3 Nc6 3. Bb5 a6 4. Bxc6 bxc6 5. O-O d6 6. d3 h6 7. b3 Be7 8. Bb2
Be6 9. d4 exd4 10. Nxd4 Bd7 11. Qf3 c5 12. Nf5 Bxf5 13. Qxf5 Bf6 14. e5 g6 15.
Qf4 Bg7 16. e6 f6 17. Qg4 Ne7 18. Nd2 O-O 19. Qc4 Qe8 20. Rfe1 Qc6 21. Nf3 d5
22. Qd3 Rab8 23. Ba3 Rfe8 24. Nh4 g5 25. Nf5 Nxf5 26. Qxf5 Re7 27. Re2 Rb5 28.
Bb2 d4 29. Rd1 c4 30. Qg6 d3 31. cxd3 c3 32. Ba3 Rxe6 33. Rxe6 Qxe6 34. Kf1 Ra5
35. Re1 Re5 36. Rxe5 Qxe5 37. Qe4 Qa5 38. Bb4 Qxa2 39. Qc4+ Kh7 40. Qxc3 f5 41.
Qxc7 Qxb3 42. Be1 Qxd3+ 43. Kg1 Qe2 44. Qa5 Qb5 45. Qa2 Kg6 46. g3 Kh5 47. Qf7+
Kg4 48. Qxg7 Qc6 49. Qd4+ Kh3 50. Kf1 Qg2+ 51. Ke2 Qe4+ 52. Qxe4 fxe4 53. Ke3
Kxh2 54. Kxe4 Kg2 55. f4 Kf1 56. Bc3 gxf4 57. gxf4 1-0

[Event "4NCL Division 3 Central"]
[Site "Leamington Spa, ENG"]
[Date "2022.02.13"]
[Round "4.81"]
[White "Bush, Ian"]
[Black "Lane, Tim A"]
[Result "1/2-1/2"]
[WhiteElo "1885"]
[BlackElo "1882"]
[PlyCount "63"]
[EventDate "2022.02.13"]
[WhiteTeam "Oxford 3"]
[BlackTeam "Ashfield 2"]

1. e4 e6 2. d4 d5 3. Nc3 Bb4 4. e5 c5 5. a3 Bxc3+ 6. bxc3 Qa5 7. Bd2 Qa4 8. Qg4
Kf8 9. Qd1 b6 10. c4 Nc6 11. dxc5 bxc5 12. Nf3 Ba6 13. cxd5 exd5 14. Bxa6 Qxa6
15. Qe2 Qxe2+ 16. Kxe2 Re8 17. Kd3 Nge7 18. Rhe1 Ng6 19. Rab1 Ncxe5+ 20. Nxe5
Nxe5+ 21. Rxe5 Rxe5 22. Bf4 c4+ 23. Kd2 Re8 24. Rb7 h6 25. Rxa7 g5 26. Be3 Rg8
27. Rd7 Kg7 28. Rxd5 Rd8 29. Rxd8 Rxd8+ 30. Kc3 Ra8 31. Bc5 Ra4 32. Bb4 1/2-1/2